Statistics for 20 Longest Rivers of Canada

Click here to take the quiz!

General Stats

  • This quiz has been taken 15 times
  • The average score is 8 of 20

Answer Stats

Length River Name % Correct
3,058 kmSaint Lawrence River
100%
4,241 kmMackenzie River
93%
3,185 kmYukon River
93%
2,000 kmColumbia River
79%
1,287 kmNorth Saskatchewan River
57%
1,375 kmFraser River
57%
1,392 kmSouth Saskatchewan River
50%
1,939 kmSaskatchewan River
43%
1,923 kmPeace River
36%
1,609 kmChurchill River
36%
1,271 kmOttawa River
36%
1,231 kmAthabasca River
36%
2,575 kmNelson River
29%
1,070 kmAssiniboine River
29%
982 kmAlbany River
21%
1,115 kmLiard River
14%
1,005 kmMilk River
7%
974 kmBack River
7%
2,338 kmSlave River
0%
982 kmSevern River
0%

Score Distribution

Percentile by Number Answered

Percent of People with Each Score

Your Score History

You have not taken this quiz